Größte Inseln Indonesiens - Statistiken

Allgemein
  • Dieses Quiz wurde 612 mal gespielt
  • Das Durchschnittsergebnis liegt bei 7 aus 21
Antworten auf der Karte
Die Antworten werden auf der Karte rot bzw. grün angezeigt, abhängig davon wie oft sie richtig erraten wurden.
 
Antwortstatistiken
km² Insel % Korrekt
748.168 Borneo
90%
138.794 Java
88%
480.848 Sumatra
84%
5.416 Bali
76%
785.753 Neuguinea
71%
180.681 Sulawesi
64%
28.418 Timor
54%
4.625 Lombok
28%
14.154 Flores
21%
10.711 Sumba
15%
11.413 Bangka
12%
18.040 Halmahera
12%
8.473 Buru
11%
14.386 Sumbawa
11%
17.454 Seram
10%
4.478 Belitung
9%
5.121 Nias
9%
11.742 Yos Sudarso
8%
4.429 Madura
7%
3.828 Siberut
7%
4.408 Buton
6%
Keine übereinstimmenden Quizze gefunden
Verteilung der Resultate
Anzahl Personen mit jedem Resultat
Perzentil nach korrekt beantworteten Fragen
Ihre Resultats-Entwicklung
Sie haben dieses Quiz noch nicht gespielt